<?xml version="1.0" encoding="UTF-8"?>
<collection xmlns="http://www.loc.gov/MARC21/slim">
  <record>
    <leader>00000nam  2200000   4500</leader>
    <controlfield tag="001">INLIS000000000018027</controlfield>
    <controlfield tag="005">20240823031518</controlfield>
    <datafield tag="035" ind1="#" ind2="#">
      <subfield code="a">0010-0824000648</subfield>
    </datafield>
    <controlfield tag="007">ta</controlfield>
    <controlfield tag="008">240823b2023####xx#######################</controlfield>
    <datafield tag="040" ind1="#" ind2="#">
      <subfield code="a">JKPKLAN</subfield>
      <subfield code="b">ind</subfield>
      <subfield code="e">2023</subfield>
    </datafield>
    <datafield tag="100" ind1="#" ind2="#">
      <subfield code="e">Pengarang</subfield>
    </datafield>
    <datafield tag="110" ind1=" " ind2="#">
      <subfield code="a">Badan Keuangan dan Aset Daerah Kabupaten Lebak</subfield>
    </datafield>
    <datafield tag="245" ind1="1" ind2="#">
      <subfield code="a">Optimalisasi pengelolaan sistem informasi manajemen Gaji (SIMGaji) pada badan keuangan dan aset daerah kabupaten lebak /</subfield>
      <subfield code="c">Sobari</subfield>
    </datafield>
    <datafield tag="300" ind1="#" ind2="#">
      <subfield code="a">iii, 65 halaman :</subfield>
      <subfield code="b">ilustrasi berwarna ;</subfield>
      <subfield code="c">28 cm</subfield>
    </datafield>
    <datafield tag="041" ind1="#" ind2="#">
      <subfield code="a">ind</subfield>
    </datafield>
    <datafield tag="082" ind1="#" ind2="#">
      <subfield code="a">351.72</subfield>
    </datafield>
    <datafield tag="084" ind1="#" ind2="#">
      <subfield code="a">351.72 SOB o</subfield>
    </datafield>
    <datafield tag="090" ind1="#" ind2="#">
      <subfield code="a">R 123 PIM I 2023</subfield>
    </datafield>
    <datafield tag="246" ind1="#" ind2="#">
      <subfield code="a">Laporan Aksi Perubahan</subfield>
    </datafield>
    <datafield tag="264" ind1="#" ind2="#">
      <subfield code="a">Jakarta :</subfield>
      <subfield code="b">Lembaga Administrasi Negara,</subfield>
      <subfield code="c">2023</subfield>
    </datafield>
    <datafield tag="336" ind1="#" ind2="#">
      <subfield code="a">teks</subfield>
      <subfield code="2">rdacontent</subfield>
    </datafield>
    <datafield tag="337" ind1="#" ind2="#">
      <subfield code="a">tanpa perantara</subfield>
      <subfield code="2">rdamedia</subfield>
    </datafield>
    <datafield tag="338" ind1="#" ind2="#">
      <subfield code="a">volume</subfield>
      <subfield code="2">rdacarrier</subfield>
    </datafield>
    <datafield tag="520" ind1="#" ind2="#">
      <subfield code="a">Dengan adanya perubahann penggunaan aplikasi tentang penggajian dari aplikasi GDO 2000 ke aplikasi SIMGaji pada awal tahun 2016, repormer masih menganggap perlu adanya optimalisasi pengelolaan sistem pada aplikasi yang sudah ada.</subfield>
    </datafield>
    <datafield tag="650" ind1="#" ind2="4">
      <subfield code="a">Manajemen Keuangan</subfield>
    </datafield>
    <datafield tag="710" ind1=" " ind2="#">
      <subfield code="a">Lembaga Administrasi Negara</subfield>
    </datafield>
    <datafield tag="850" ind1="#" ind2="#">
      <subfield code="a">JKPKLAN</subfield>
    </datafield>
    <datafield tag="990" ind1="#" ind2="#">
      <subfield code="a">24.08.123</subfield>
    </datafield>
  </record>
</collection>
